|
|
|
|
| LEADER |
01977nam a2200541 a 4500 |
| 001 |
nkc20051572587 |
| 003 |
CZ PrNK |
| 005 |
20160929163352.0 |
| 007 |
ta |
| 008 |
050620s2005 xr a c 000 0 cze |
| 015 |
|
|
|a cnb001572587
|
| 020 |
|
|
|a 80-252-0243-7
|q (brož.)
|
| 035 |
|
|
|a (OCoLC)85063063
|
| 040 |
|
|
|a BOA001
|b cze
|d ABA001
|d OLA001
|
| 041 |
1 |
|
|a cze
|h eng
|
| 072 |
|
7 |
|a 316.4/.7
|x Sociální interakce. Sociální komunikace
|2 Konspekt
|9 18
|
| 072 |
|
7 |
|a 0/9-053.2
|x Literatura pro děti a mládež (naučná)
|2 Konspekt
|9 26
|
| 080 |
|
|
|a 316.346.2-055.25-053.6
|2 MRF
|
| 080 |
|
|
|a 37.091
|2 MRF
|
| 080 |
|
|
|a 316.472.4
|2 MRF
|
| 080 |
|
|
|a (0.053.6)
|2 MRF
|
| 245 |
0 |
0 |
|a 100 čarodějných způsobů, jak přežít ve škole mezi učiteli, spolužáky a nejlepšími přáteli /
|c [text Marco Bosco ... et al. ; překlad Eva Kalábová]
|
| 246 |
3 |
|
|a Sto čarodějných způsobů, jak přežít ve škole mezi učiteli, spolužáky a nejlepšími přáteli
|
| 246 |
3 |
0 |
|a Ve škole
|
| 246 |
1 |
8 |
|a Škola
|
| 246 |
1 |
8 |
|a Tajné knihy - škola
|
| 250 |
|
|
|a Vyd. 2.
|
| 260 |
|
|
|a V Praze :
|b Egmont,
|c 2005
|
| 300 |
|
|
|a 96 s. :
|b il. ;
|c 18 cm
|
| 490 |
1 |
|
|a W.I.T.C.H. Tajné knihy
|
| 500 |
|
|
|a Přeloženo z angličtiny?
|
| 650 |
0 |
7 |
|a dospívající dívky
|7 ph134762
|2 czenas
|
| 650 |
0 |
7 |
|a škola
|7 ph127804
|2 czenas
|
| 650 |
0 |
7 |
|a interpersonální vztahy
|7 ph114786
|2 czenas
|
| 650 |
0 |
9 |
|a adolescent girls
|2 eczenas
|
| 650 |
0 |
9 |
|a school
|2 eczenas
|
| 650 |
0 |
9 |
|a interpersonal relations
|2 eczenas
|
| 655 |
|
7 |
|a publikace pro mládež
|7 fd133157
|2 czenas
|
| 655 |
|
9 |
|a juvenile literature
|2 eczenas
|
| 700 |
1 |
|
|a Bosco, Marco
|7 xx0009277
|4 aut
|
| 700 |
1 |
|
|a Kalábová, Eva
|7 jn20000810130
|4 trl
|
| 830 |
|
0 |
|a W.I.T.C.H.
|p Tajné knihy
|0 s
|
| 910 |
2 |
|
|a BOA001
|b 1-1157.557
|
| 928 |
9 |
|
|a Egmont ČR
|
| 990 |
|
|
|a BK
|
| 995 |
|
|
|a 01
|
| 991 |
|
|
|b 200511
|
| 996 |
6 |
|
|b 2610263670
|c 1-1157.557
|l MZK
|r Sklad / do 1 hodiny
|n 2
|p p.v.
|w 000798186
|u 000010
|a 1
|e BOA001
|j MZK50
|s P
|